ভ্রমণসমগ্র / (Record no. 826)
[ view plain ]
| 000 -LEADER | |
|---|---|
| fixed length control field | 00700nam a2200229 a 4500 |
| 001 - CONTROL NUMBER | |
| JCCL Control Number | 826 |
| 003 - CONTROL NUMBER IDENTIFIER | |
| JCCL marc code | BD-JhCC |
| 005 - DATE AND TIME OF LATEST TRANSACTION | |
| control field | 20171012214339.0 |
| 008 - FIXED-LENGTH DATA ELEMENTS--GENERAL INFORMATION | |
| fixed length control field | 171010s2006 bg |||| |||| 001 0 ben d |
| 020 ## - INTERNATIONAL STANDARD BOOK NUMBER | |
| International Standard Book Number | 9844125405 |
| 035 ## - SYSTEM CONTROL NUMBER | |
| system control number | (BD-JhCC)826 |
| 040 ## - CATALOGING SOURCE | |
| Original cataloging agency | BD-JhCC |
| Modifying agency | BD-JhCC |
| 041 ## - LANGUAGE CODE | |
| Language code of Book | ben |
| 082 ## - DEWEY DECIMAL CLASSIFICATION NUMBER | |
| Classification number | 910.8 |
| Author mark and Year | GUN 2006 |
| 100 ## - MAIN ENTRY--PERSONAL NAME | |
| Personal name | গুণ, নির্মলেন্দু |
| 245 ## - TITLE STATEMENT | |
| Title | ভ্রমণসমগ্র / |
| Statement of responsibility, etc | নির্মলেন্দু গুণ |
| 260 ## - PUBLICATION, DISTRIBUTION, ETC. (IMPRINT) | |
| Place of publication, distribution, etc | ঢাকাঃ |
| Name of publisher, distributor, etc | অনন্যা, |
| Date of publication, distribution, etc | ২০০৬। |
| 300 ## - PHYSICAL DESCRIPTION | |
| Pagination | ৪০৭ পৃ. : |
| Dimensions | ২১ সেমি, |
| 650 ## - SUBJECT ADDED ENTRY--TOPICAL TERM | |
| Topical term or geographic name as entry element | collection of travel |
| General subdivision | Bengali literature |
| 942 ## - ADDED ENTRY ELEMENTS (KOHA) | |
| Source of classification or shelving scheme | Dewey Decimal Classification |
| Koha item type | Books |
| Source of classification or shelving scheme | Damaged status | Not for loan | Home library | Current library | Shelving location | Date of accession | Source of acquisition | Cost, normal purchase price | Total Checkouts | Full call number | Barcode | Date last seen | Copy number | Koha item type |
|---|---|---|---|---|---|---|---|---|---|---|---|---|---|---|
| Dewey Decimal Classification | JCC Rouf Library | JCC Rouf Library | General Stacks | 10/10/2017 | 10 th Intake | 300.00 | 917.1 GUN 2006 | 1798 | 10/10/2017 | C-1 | Books | |||
| Dewey Decimal Classification | JCC Rouf Library | JCC Rouf Library | General Stacks | 10th Intake | 300.00 | 910.8 GUN 2006 | 1928 | 10/12/2017 | C-2 | Books |